Hệ thống điều khiển số máy công cụ
Bewaard in:
| Hoofdauteur: | |
|---|---|
| Formaat: | Boek |
| Taal: | Undetermined |
| Gepubliceerd in: |
Hà Nội
Khoa học Kỹ thuật
2001
|
| Onderwerpen: | |
| Tags: |
Voeg label toe
Geen labels, Wees de eerste die dit record labelt!
|
| Thư viện lưu trữ: | Trung tâm Học liệu Trường Đại học Cần Thơ |
|---|
| LEADER | 00611nam a2200193Ia 4500 | ||
|---|---|---|---|
| 001 | CTU_63173 | ||
| 008 | 210402s9999 xx 000 0 und d | ||
| 020 | |b 21500 | ||
| 082 | |a 629.895 | ||
| 082 | |b L304 | ||
| 100 | |a Tạ, Duy Liêm | ||
| 245 | 0 | |a Hệ thống điều khiển số máy công cụ | |
| 245 | 0 | |c Tạ Duy Liêm | |
| 260 | |a Hà Nội | ||
| 260 | |b Khoa học Kỹ thuật | ||
| 260 | |c 2001 | ||
| 650 | |a Programmable controllers,Electronic engineering,Electronic circuits,Digital electronics | ||
| 904 | |i Minh | ||
| 980 | |a Trung tâm Học liệu Trường Đại học Cần Thơ | ||